000 00632nam a2200181 a 4500
001 000040426
005 20201002034126.0
008 130823s2003 mx 000 0 spa d
020 _a9703201407
040 _aDO-SdBNP
_bspa
_cBNPHU
100 1 _aBuen, Demófilo de
_966720
245 1 3 _aLa moral en el derecho civil /
_cDmófilo de Buen.
260 _aMéxico :
_bUniversidad Nacional Autónoma de México,
_c2003.
300 _a26 p. ;
_c21 cm.
490 1 _aLectura jurídicas
_aEstudios jurídicos
_v14
710 2 _aUniversidad Nacional Autónoma de México
_942447
830 0 _aLectura jurídicas
_aEstudios jurídicos
_v14
_966718
999 _c39916
_d39916